00753nam a2200193 a 450000100100000000500170001000800410002702000180006804000250008610000370011124501190014826000420026730000200030950400270032970000460035670000340040295201060043699900170054200004065320201002034300.0130830s2012 sp 000 0 spa d a9788469521144 aDO-SdBNPbspacBNPHU1 aVázquez Serrano, Carmen96687210aLa importancia de la higiene /cCarmen Vázquez Serrano, Francisca Socorro López López, Camen Ríos Paredes. aMadrid :bGráficas Alhambra,c2012. a94 p. ;c22 cm. aBibliografía : p. 941 aLópez López, Francisca Socorro9668731 aRíos Paredes, Carmen966874 0010507-18MOaGRbGRcOId2013-09-04iLF1l0o p40653-10r2020-06-25w2020-06-25y1ZNo se presta c40143d40143